Music For a Sushi Restaurant - Harry Styles (All Lyrics) - Statistics

General Stats
  • This quiz has been taken 16 times
  • The average score is 212 of 266
Answer Stats
Lyrics % Correct
a
100%
green
100%
an
91%
ba
91%
ba,
91%
ba.
91%
(ba,
91%
ba)
91%
(ba
91%
babe
91%
babe)
91%
'cause
91%
don't
91%
every
91%
for
91%
get
91%
go
91%
I
91%
just
91%
know
91%
little
91%
lost
91%
love
91%
music
91%
restaurant
91%
sushi
91%
taste
91%
taste?
91%
to
91%
want
91%
want,
91%
you
91%
(you
91%
could
82%
eyes,
82%
in
82%
kind
82%
of
82%
on
82%
or
82%
two
82%
way
82%
your
82%
cook
73%
egg
73%
it's
73%
me,
73%
tea?
73%
whatever
73%
broke
64%
but
64%
coffee
64%
cream,
64%
excuse
64%
ice
64%
night,
64%
sweet
64%
the
64%
use
64%
blue
55%
flake
55%
fried
55%
(oh)
55%
our
55%
rice,
55%
rice
55%
'round
55%
tongue
55%
we
55%
you're
55%
and
45%
bubblegum
45%
going
45%
if
45%
late
45%
live
45%
not
45%
stove,
45%
time,
45%
twisted
45%
were
45%
with
45%
yeah
45%
cool
36%
from
36%
full
36%
game
36%
hearts
36%
i'm
36%
never
36%
stars
36%
boo
27%
edible
27%
duba
18%
scuba
18%
staying
18%
dubub
9%
No matching quizzes found
Score Distribution
Percent of People with Each Score
Percentile by Number Answered
Your Score History
You have not taken this quiz